| 000 | 00498nam a2200181Ia 4500 | ||
|---|---|---|---|
| 001 | 25305 | ||
| 005 | 20260414151141.0 | ||
| 008 | 260414t2009||||xx |||||||||||||| ||spa|| | ||
| 041 | _aESP | ||
| 082 |
_a346.46 _bA62A |
||
| 100 |
_aAntequera Parilli, Ricardo _eAUT |
||
| 245 | 0 |
_aEstudios de derecho industrial y derecho de autor : _b(análisis de jurisprudencia comparada) |
|
| 260 | _c2009 | ||
| 300 |
_a760 páginas : _c23 cm. |
||
| 650 | _aDER | ||
| 654 | _aCDE | ||
| 942 |
_cLIB _dJUS _fJUS _2ddc _n |
||
| 999 |
_c25305 _d25305 |
||